[Event "Madurai Athens of the East op-B U1600"]
[Site "Madurai"]
[Date "2023.12.28"]
[Round "4"]
[White "Shashveen, AK."]
[Black "Ruban, S."]
[Result "1-0"]
[WhiteElo "1500"]
[BlackElo "1359"]
[PlyCount "89"]
[EventDate "2023.12.27"]
[EventType "swiss"]
[EventRounds "9"]
[EventCountry "IND"]
[SourceTitle "CB02_2024"]
[SourceDate "2024.01.10"]
[SourceVersion "1"]
[SourceVersionDate "2024.01.10"]
[SourceQuality "1"]

1. d4 d5 2. c4 Nf6 3. cxd5 Qxd5 4. Nc3 Qd8 5. e4 Bg4 6. f3 Bh5 7. Be3 e6 8. a3 h6 9. Bd3 Be7 10. Nge2 0-0 11. Nf4 c6 12. e5 Nd5 13. Ncxd5 cxd5 14. Nxh5 Nc6 15. Ng3 Qb6 16. Qd2 Rac8 17. Bb1 Na5 18. Ba2 Nc6 19. 0-0 Bd8 20. Kh1 Ne7 21. Rac1 Rb8 22. f4 Nc6 23. f5 Bh4 24. Ne2 exf5 25. Rxf5 Ne7 26. Rf3 Ng6 27. Rcf1 Rbd8 28. Nf4 Ne7 29. Ne2 Ng6 30. g3 Bg5 31. Bxg5 hxg5 32. Nc3 Ne7 33. Qxg5 Rde8 34. Nxd5 Nxd5 35. Bxd5 Qxd4 36. Bxf7+ Rxf7 37. Rxf7 Qd5+ 38. R1f3 Qd1+ 39. Kg2 Qc2+ 40. Kh3 Qh7+ 41. Kg4 Qe4+ 42. R3f4 Qe2+ 43. Kh3 Qxe5 44. Rf8+ Kh7 45. Rh4# 1-0